| 000 | 00390nam a2200121 a 4500 | ||
|---|---|---|---|
| 001 | 000039253 | ||
| 005 | 20201002031549.0 | ||
| 008 | 130618s2001 dr 000 0 spa d | ||
| 040 |
_aDO-SdBNP _bspa _cBNPHU |
||
| 245 | 0 | 0 |
_aConozcamos las leyes : _bley 659, modificada por la ley 13/93. |
| 260 |
_aSanto Domingo : _bCentro de Investigaciones Legales (CEDAIL), _c2001. |
||
| 300 |
_a16 p. ; _c22 cm. |
||
| 999 |
_c38743 _d38743 |
||